000 00835cam a2200205 4500
001 WB4024-01
008 040621n2004 000 0 eng u
035 _a(Sirsi) u126533
245 _aNoise control regulation sets new standard
260 _c2004
490 _aInside Housing
_v21(24) 18 June 2004, 13(1)
520 _aAll semi-detached and terraced houses and flats built after 1 July 2004 must have wall and floor construction designed to reduce the level of sound passing between adjoining properties. Robust Details Limited has been set up to help developers comply with these new standards.
590 _aWB
590 _aWB
650 _aSOUND PROOFING
650 _aBUILDING REGULATIONS 2000 APPROVED DOCUMENT E (2003 EDITION)
650 _aNOISE INSULATION
690 _aBUILDING AND CONSTRUCTION
942 _n0
999 _c117553
_d117553